000 01376nam a2200337 i 4500
001 768714001
003 CO-MdFUSB
005 20220323100539.0
007 ta
008 210811t1995 -us |||| |||| 00| 0 eng d
020 _a9780801020162
040 _aCO-MdFUSB
_bspa
_cCO-MdFUSB
_dCO-MdFUSBC
_erda
041 _aeng
041 _agrc
082 _223
_a487.4
_bB627
100 _aBlack, David Alan,
_eautor
245 1 _aLinguistics for students of New Testament Greek :
_ba survey of basic concepts and applications
_c/ David Alan Black ; prefacio por Moisés Silva
264 1 _aEstados Unidos :
_bBaker Books,
_c[1995]
264 4 _c© 1995
300 _a216 páginas
_c; 22 cm
336 _2rdacontent
_atexto
_btxt
337 _2rdamedia
_asin mediación
_bn
338 _2rdacarrier
_avolumen
_bnc
505 _aIntroducción a la lingüística: el paisaje y la búsqueda. -- Fonología: el sonido del griego. -- Morfología: la anatomía de las palabras griegas. -- Sintaxis: la arquitectura de la oración griega. -- Semántica: Determinación del significado. -- Lingüística histórica y comparada: la biografía del griego. -- Análisis del discurso: tener una visión global.
563 _aRústico
653 _aLingüística Griega
700 _95464
_aSilva, Moisés
_eprefacista
942 _cBK
945 _aJTF-925
999 _c66800
_d66800